01565cam a22003257a 4500001000500000005001700005020001800022040007600040050002300116082000800139100001700147245011200164246004500276250004500321260003400366300004000400505000600440520048200446521001800928521001800946650004700964650003901011650002901050650002001079650002201099650002501121650002201146655003001168700004101198178620230929130429.0 a9780545335706 aBTCTAbengcBTCTAdOCPdWL8dEHHdXY4dTMIdNTEdJQFdYDXCPdDLCdFISKH00aPZ7.V1916bJu 2010 aFic1 aVail, Rachel10aJustin Case :bschool, drool, and other daily disasters /cby Rachel Vail ; illustrated by Matthew Cordell.30aSchool, drool, and other daily disasters aFirst Scholastic printing, February 2011 aNew York :bScholastic,c2010 a245 pages :billustrations ;c20 cm aM a"It's the start of the school year, and nothing feels right to Justin. He didn't get the teacher he wanted, he's not in the same class as his best friend, and his little sister, Elizabeth, is starting kindergarten at his school. Elizabeth doesn't seem nervous at all. Justin is very nervous about third grade. And to top it off, he's lost his favorite stuffed animal, but he can't tell anyone, because technically he's too old to still have stuffed animals. Right?"--Publisher. a790 bLexile aM bRaz-Plus 0aThird grade (Education)vJuvenile fiction. 0aSchool childrenvJuvenile fiction. 0aWorryvJuvenile fiction. 1aWorryvFiction. 1aAnxietyvFiction. 1aFriendshipvFiction. 1aDiariesvFiction. 7aRealistic fiction.2local1 aCordell, Matthewd1975-eillustrator